Quick Pick: 'Last' Song Titles Quiz Stats

Quiz Updated May 14, 2016

Challenge
Share
Tweet
Embed
Score 0/10 Timer 01:00
8 Plays Today
% Correct
Train
94.4%
Night
92.7%
Thing
90.2%
Day
87.9%
Dance
70%
Summer
68.7%
Christmas
57.4%
Time
49.5%
Kiss
47%
Song
46.3%

Today's Daily Dose

You're not logged in!

Compare scores with friends on all Sporcle quizzes.
Sign Up with Email
OR
Log In

You Might Also Like...

Show Comments

Extras

Top Quizzes Today


Score Distribution

Your Account Isn't Verified!

In order to create a playlist on Sporcle, you need to verify the email address you used during registration. Go to your Sporcle Settings to finish the process.